000 00329nam a2200133Ia 4500
005 20260326100028.0
008 260326s9999||||xx |||||||||||||| ||und||
100 _aArgan, Giulio Carlo
245 0 _aBorromini /
_cGiulio Carlo Argan
260 _bEdiciones Nueva Visión
300 _a120 p.
650 _aARQUITECTOS
942 _cBK
999 _c6510
_d6510